[Event "Baku Chess Olympiad | Open"]
[Site "chess24.com"]
[Date "2016.09.08"]
[Round "6"]
[White "Ulloa, Ruben Guillermo"]
[Black "Choukri, Adel"]
[Result "*"]
[Board "2"]
[WhiteID "6601243"]
[WhiteElo "2128"]
[WhiteCountry "PAN"]
[WhiteFideId "6601243"]
[BlackID "9000399"]
[BlackElo "2269"]
[BlackTitle "CM"]
[BlackCountry "MAR"]
[BlackFideId "9000399"]

1. d4 {[%clk 1:30:39]} Nf6 {[%clk 1:30:32]} 2. c4 {[%clk 1:31:02]} g6 {[%clk
1:30:44]} 3. g3 {[%clk 1:31:13]} Bg7 {[%clk 1:30:57]} 4. Bg2 {[%clk 1:31:35]} d6
{[%clk 1:31:07]} 5. Nf3 {[%clk 1:31:55]} O-O {[%clk 1:31:07]} 6. O-O {[%clk
1:32:19]} Nc6 {[%clk 1:30:16]} 7. Nc3 {[%clk 1:30:35]} a6 {[%clk 1:29:33]} 8. Bf4
{[%clk 1:30:47]} Rb8 {[%clk 1:28:48]} 9. c5 {[%clk 1:31:08]} Nd7 {[%clk 1:15:22]}
10. cxd6 {[%clk 1:30:25]} cxd6 {[%clk 1:14:32]} 11. Qd2 {[%clk 1:29:00]} Re8
{[%clk 1:11:32]} 12. Bh6 {[%clk 1:26:45]} Bh8 {[%clk 1:06:56]} 13. Rac1 {[%clk
1:23:14]} Nb6 {[%clk 1:02:40]} 14. b3 {[%clk 1:20:27]} Bg4 {[%clk 0:59:18]} 15.
Be3 {[%clk 1:17:47]} Bxf3 {[%clk 0:53:44]} 16. exf3 {[%clk 1:03:59]} d5 {[%clk
0:50:50]} 17. Rfd1 {[%clk 0:59:00]} Rc8 {[%clk 0:47:49]} 18. f4 {[%clk 0:56:34]}
e6 {[%clk 0:44:14]} 19. Bf3 {[%clk 0:48:30]} Bg7 {[%clk 0:35:14]} 20. Kg2 {[%clk
0:48:06]} Bf8 {[%clk 0:31:34]} 21. Nb1 {[%clk 0:38:33]} Qe7 {[%clk 0:20:27]} 22.
Qb2 {[%clk 0:33:47]} a5 {[%clk 0:16:26]} 23. Be2 {[%clk 0:31:59]} Qb4 {[%clk
0:12:19]} 24. a3 {[%clk 0:28:58]} Qe7 {[%clk 0:12:35]} 25. Bb5 {[%clk 0:25:24]}
Red8 {[%clk 0:11:35]} 26. Qd2 {[%clk 0:25:17]} a4 {[%clk 0:07:56]} 27. Bxa4
{[%clk 0:23:23]} Nxa4 {[%clk 0:07:52]} 28. bxa4 {[%clk 0:23:44]} Ra8 {[%clk
0:08:16]} 29. Qc2 {[%clk 0:19:53]} Na5 {[%clk 0:06:51]} 30. Bd2 {[%clk 0:14:57]}
Nc4 {[%clk 0:06:19]} 31. Bb4 {[%clk 0:14:53]} Qd7 {[%clk 0:06:03]} 32. Nc3 {[%clk
0:08:22]} Nxa3 {[%clk 0:05:59]} 33. Qb3 {[%clk 0:08:10]} Bxb4 {[%clk 0:05:06]}
34. Qxb4 {[%clk 0:08:30]} Nc4 {[%clk 0:05:27]} 35. Rb1 {[%clk 0:05:55]} b6 {[%clk
0:05:51]} 36. Rd3 {[%clk 0:04:56]} Rdc8 {[%clk 0:04:37]} 37. Qb3 {[%clk 0:04:11]}
Rc6 {[%clk 0:04:01]} 38. Qa2 {[%clk 0:04:11]} Rac8 {[%clk 0:04:05]} 39. Rb4
{[%clk 0:02:27]} Qe7 {[%clk 0:03:20]} 40. Rb5 {[%clk 0:32:31]} Qf6 {[%clk
0:30:55]} 41. Qe2 {[%clk 0:25:31]} Nd6 {[%clk 0:21:28]} 42. Rb3 {[%clk 0:25:42]}
Qf5 {[%clk 0:19:44]} 43. Qf3 {[%clk 0:22:56]} h5 {[%clk 0:18:53]} 44. h3 {[%clk
0:22:04]} Qf6 {[%clk 0:18:48]} 45. h4 {[%clk 0:19:57]} Nf5 {[%clk 0:17:50]} 46.
Ne2 {[%clk 0:15:21]} Kg7 {[%clk 0:17:13]} 47. Rd2 {[%clk 0:12:09]} Nd6 {[%clk
0:11:01]} 48. Nc3 {[%clk 0:11:20]} Rc4 {[%clk 0:10:36]} 49. Qd3 {[%clk 0:06:21]}
R8c6 {[%clk 0:09:31]} 50. Ra3 {[%clk 0:03:26]} Nf5 {[%clk 0:09:03]} 51. Ne2
{[%clk 0:01:50]} Qe7 {[%clk 0:07:49]} 52. a5 {[%clk 0:02:04]} b5 {[%clk 0:06:20]}
53. a6 {[%clk 0:02:19]} Qa7 {[%clk 0:06:44]} 54. Ra5 {[%clk 0:02:11]} Rxa6 {[%clk
0:02:38]} 55. Rxb5 {[%clk 0:02:32]} Ra1 {[%clk 0:01:58]} *

[Event "Baku Chess Olympiad | Open"]
[Site "chess24.com"]
[Date "2016.09.08"]
[Round "6"]
[White "Hardan, Hamid Musallem"]
[Black "Forbes, Garry"]
[Result "1/2-1/2"]
[Board "3"]
[WhiteID "22000534"]
[WhiteElo "1914"]
[WhiteCountry "OMA"]
[WhiteFideId "22000534"]
[BlackID "10700331"]
[BlackElo "1911"]
[BlackTitle "CM"]
[BlackCountry "JCI"]
[BlackFideId "10700331"]

1. e4 {[%clk 1:30:48]} c5 {[%clk 1:30:47]} 2. Nc3 {[%clk 1:30:41]} Nc6 {[%clk
1:30:06]} 3. Nf3 {[%clk 1:30:56]} g6 {[%clk 1:28:45]} 4. d4 {[%clk 1:31:12]} cxd4
{[%clk 1:28:45]} 5. Nxd4 {[%clk 1:31:15]} Nf6 {[%clk 1:26:02]} 6. Be3 {[%clk
1:30:13]} Bg7 {[%clk 1:23:11]} 7. f3 {[%clk 1:29:58]} O-O {[%clk 1:18:11]} 8. Be2
{[%clk 1:29:08]} d5 {[%clk 1:13:34]} 9. O-O {[%clk 1:17:52]} e5 {[%clk 1:07:02]}
10. Nxc6 {[%clk 1:16:55]} bxc6 {[%clk 1:07:26]} 11. exd5 {[%clk 1:14:15]} cxd5
{[%clk 1:05:42]} 12. Bc5 {[%clk 1:14:20]} Re8 {[%clk 1:05:15]} 13. Rb1 {[%clk
1:13:44]} a6 {[%clk 0:51:41]} 14. a4 {[%clk 1:13:52]} Bb7 {[%clk 0:51:02]} 15.
Bd3 {[%clk 1:10:12]} Rc8 {[%clk 0:40:24]} 16. Bf2 {[%clk 1:07:10]} Qc7 {[%clk
0:36:33]} 17. Qe2 {[%clk 1:06:26]} Qc6 {[%clk 0:35:09]} 18. a5 {[%clk 1:04:52]}
e4 {[%clk 0:34:20]} 19. fxe4 {[%clk 0:54:03]} dxe4 {[%clk 0:33:58]} 20. Bc4
{[%clk 0:41:15]} Qxc4 {[%clk 0:33:24]} 21. Qxc4 {[%clk 0:37:35]} Rxc4 {[%clk
0:33:53]} 22. Rbe1 {[%clk 0:36:03]} Ng4 {[%clk 0:21:19]} 23. Bb6 {[%clk 0:35:56]}
Bd4+ {[%clk 0:16:58]} 24. Bxd4 {[%clk 0:34:19]} Rxd4 {[%clk 0:17:27]} 25. h3
{[%clk 0:34:11]} Ne5 {[%clk 0:15:39]} 26. Rf6 {[%clk 0:33:02]} Nc4 {[%clk
0:12:19]} 27. Na4 {[%clk 0:30:36]} Rd6 {[%clk 0:01:48]} 28. Rxd6 {[%clk 0:30:21]}
Nxd6 {[%clk 0:02:17]} 29. Nc5 {[%clk 0:30:44]} Bc8 {[%clk 0:02:28]} 30. b3 {[%clk
0:30:37]} f5 {[%clk 0:02:12]} 31. Rd1 {[%clk 0:30:55]} Nb5 {[%clk 0:01:15]} 32.
Na4 {[%clk 0:30:21]} Kf7 {[%clk 0:00:50]} 33. c4 {[%clk 0:30:37]} Nc7 {[%clk
0:00:43]} 34. Nb6 {[%clk 0:30:57]} Ke7 {[%clk 0:00:43]} 35. b4 {[%clk 0:30:30]}
Rd8 {[%clk 0:00:54]} 36. Rb1 {[%clk 0:30:03]} Bb7 {[%clk 0:00:46]} 37. b5 {[%clk
0:30:22]} axb5 {[%clk 0:00:43]} 38. cxb5 {[%clk 0:30:50]} Rd2 {[%clk 0:00:38]}
39. Nc4 {[%clk 0:30:36]} Rc2 {[%clk 0:00:36]} 40. a6 {[%clk 1:00:58]} Nxa6 {[%clk
0:30:36]} 41. Ne3 {[%clk 1:01:15]} Ra2 {[%clk 0:30:11]} 42. bxa6 {[%clk 1:01:28]}
Bxa6 {[%clk 0:30:04]} 43. Rb6 {[%clk 1:00:52]} Kf7 {[%clk 0:15:38]} 44. Nd5
{[%clk 1:00:13]} Kg7 {[%clk 0:13:47]} 45. Nc7 {[%clk 0:58:26]} Bd3 {[%clk
0:12:06]} 46. Ne6+ {[%clk 0:57:43]} Kg8 {[%clk 0:08:00]} 47. Rb8+ {[%clk
0:57:02]} Kf7 {[%clk 0:07:31]} 48. Ng5+ {[%clk 0:57:16]} Kf6 {[%clk 0:06:01]} 49.
Nxh7+ {[%clk 0:57:17]} Ke5 {[%clk 0:06:04]} 50. Rg8 {[%clk 0:49:14]} f4 {[%clk
0:01:27]} 51. Rxg6 {[%clk 0:49:00]} e3 {[%clk 0:01:38]} 52. Rg5+ {[%clk 0:49:03]}
Kd4 {[%clk 0:01:31]} 53. Nf8 {[%clk 0:47:20]} Ra1+ {[%clk 0:01:20]} 54. Kh2
{[%clk 0:47:43]} e2 {[%clk 0:01:05]} 55. Ne6+ {[%clk 0:47:47]} Kc4 {[%clk
0:00:35]} 56. Rc5+ {[%clk 0:47:05]} Kb4 {[%clk 0:00:47]} 57. Re5 {[%clk 0:45:57]}
e1Q {[%clk 0:00:58]} 58. Rxe1 {[%clk 0:45:52]} Rxe1 {[%clk 0:00:54]} 59. Nxf4
{[%clk 0:46:20]} Be4 {[%clk 0:00:47]} 60. g4 {[%clk 0:46:39]} Re3 {[%clk
0:00:37]} 61. Nh5 {[%clk 0:46:10]} Kc5 {[%clk 0:00:50]} 62. Nf6 {[%clk 0:46:21]}
Kd6 {[%clk 0:00:38]} 63. h4 {[%clk 0:46:00]} Ke7 {[%clk 0:00:38]} 64. g5 {[%clk
0:46:17]} Kf7 {[%clk 0:00:38]} 65. Ng4 {[%clk 0:46:33]} Ra3 {[%clk 0:00:43]} 66.
h5 {[%clk 0:46:42]} Bf5 {[%clk 0:00:36]} 67. Nf2 {[%clk 0:42:45]} Kg7 {[%clk
0:00:39]} 68. Kg2 {[%clk 0:43:05]} Re3 {[%clk 0:00:31]} 69. Kh2 {[%clk 0:43:32]}
Kf7 {[%clk 0:01:14]} 70. Kg2 {[%clk 0:44:20]} Ke6 {[%clk 0:01:10]} 71. Kh2 {[%clk
0:44:46]} Ke5 {[%clk 0:01:00]} 72. Kg2 {[%clk 0:45:14]} Kf4 {[%clk 0:00:48]} 73.
g6 {[%clk 0:45:36]} Kg5 {[%clk 0:00:35]} 74. g7 {[%clk 0:45:58]} Be6 {[%clk
0:00:41]} 75. h6 {[%clk 0:46:27]} Kxh6 {[%clk 0:01:09]} 76. Ng4+ {[%clk 0:46:55]}
Kxg7 {[%clk 0:00:47]} 77. Nxe3 {[%clk 0:47:23]} 1/2-1/2

[Event "Baku Chess Olympiad | Open"]
[Site "chess24.com"]
[Date "2016.09.08"]
[Round "6"]
[White "Kahn, Tito"]
[Black "Al Mashikhi, Salim Aliyan"]
[Result "*"]
[Board "4"]
[WhiteID "15600084"]
[WhiteElo "1880"]
[WhiteCountry "JCI"]
[WhiteFideId "15600084"]
[BlackID "22000046"]
[BlackElo "2060"]
[BlackCountry "OMA"]
[BlackFideId "22000046"]

1. d4 {[%clk 1:30:56]} Nf6 {[%clk 1:30:49]} 2. Nf3 {[%clk 1:31:20]} e6 {[%clk
1:30:48]} 3. g3 {[%clk 1:31:34]} Be7 {[%clk 1:29:49]} 4. Bg2 {[%clk 1:31:59]} O-O
{[%clk 1:29:36]} 5. O-O {[%clk 1:32:14]} d5 {[%clk 1:28:51]} 6. c4 {[%clk
1:32:38]} c6 {[%clk 1:26:21]} 7. Nc3 {[%clk 1:31:45]} Nbd7 {[%clk 1:21:19]} 8. b3
{[%clk 1:22:12]} Qa5 {[%clk 1:16:30]} 9. Qc2 {[%clk 1:22:12]} dxc4 {[%clk
1:09:20]} 10. bxc4 {[%clk 1:18:54]} Nb6 {[%clk 1:05:42]} 11. Ne5 {[%clk 1:12:28]}
c5 {[%clk 0:58:15]} 12. Bd2 {[%clk 1:00:52]} cxd4 {[%clk 0:50:42]} 13. Nd5 {[%clk
0:54:36]} Qa3 {[%clk 0:49:42]} 14. Nxe7+ {[%clk 0:48:47]} Qxe7 {[%clk 0:47:20]}
15. Rab1 {[%clk 0:48:42]} Qc7 {[%clk 0:43:58]} 16. f4 {[%clk 0:42:54]} Nbd7
{[%clk 0:39:46]} 17. Bb4 {[%clk 0:39:20]} Rd8 {[%clk 0:39:25]} 18. Be7 {[%clk
0:39:20]} Re8 {[%clk 0:39:25]} 19. Bxf6 {[%clk 0:28:22]} Nxf6 {[%clk 0:39:40]}
20. Qa4 {[%clk 0:28:04]} a6 {[%clk 0:36:17]} 21. Rfd1 {[%clk 0:25:52]} Rd8 {[%clk
0:35:33]} 22. Qb4 {[%clk 0:19:50]} Rb8 {[%clk 0:32:18]} 23. h3 {[%clk 0:19:11]}
a5 {[%clk 0:26:46]} 24. Qb6 {[%clk 0:17:44]} Qxb6 {[%clk 0:19:22]} 25. Rxb6
{[%clk 0:18:13]} Ra8 {[%clk 0:13:49]} 26. e3 {[%clk 0:14:17]} Nh5 {[%clk
0:13:07]} 27. Kh2 {[%clk 0:13:40]} f6 {[%clk 0:11:09]} 28. Nf3 {[%clk 0:13:50]}
g6 {[%clk 0:09:48]} 29. g4 {[%clk 0:13:25]} Ng7 {[%clk 0:09:34]} 30. exd4 {[%clk
0:13:34]} Ne8 {[%clk 0:09:41]} 31. d5 {[%clk 0:12:41]} exd5 {[%clk 0:09:51]} 32.
cxd5 {[%clk 0:12:33]} Rd6 {[%clk 0:09:01]} 33. Rxd6 {[%clk 0:11:43]} Nxd6 {[%clk
0:09:29]} 34. Nd4 {[%clk 0:11:36]} Bd7 {[%clk 0:09:21]} 35. Rc1 {[%clk 0:10:11]}
Rc8 {[%clk 0:09:25]} 36. Rxc8+ {[%clk 0:10:21]} Nxc8 {[%clk 0:09:46]} 37. Kg3
{[%clk 0:08:39]} Kf7 {[%clk 0:09:55]} 38. Kf3 {[%clk 0:08:28]} Ke7 {[%clk
0:09:55]} 39. Ke3 {[%clk 0:08:28]} Kd6 {[%clk 0:08:59]} 40. Ne6 {[%clk 0:07:05]}
Bxe6 {[%clk 0:06:28]} 41. dxe6 {[%clk 0:36:09]} b5 {[%clk 0:36:10]} 42. f5 {[%clk
0:33:50]} gxf5 {[%clk 0:35:49]} 43. gxf5 {[%clk 0:34:07]} Ke5 {[%clk 0:35:43]}
44. Be4 {[%clk 0:28:46]} b4 {[%clk 0:33:51]} 45. Bc2 {[%clk 0:27:08]} Ne7 {[%clk
0:31:54]} 46. Kf3 {[%clk 0:25:27]} a4 {[%clk 0:29:16]} 47. Kg4 {[%clk 0:22:20]}
b3 {[%clk 0:22:42]} 48. axb3 {[%clk 0:22:09]} axb3 {[%clk 0:19:24]} 49. Bb1
{[%clk 0:19:30]} Kd6 {[%clk 0:18:26]} 50. Kh5 {[%clk 0:17:31]} Ng8 {[%clk
0:18:27]} 51. Kg4 {[%clk 0:17:12]} Ke5 {[%clk 0:17:56]} 52. Kf3 {[%clk 0:16:26]}
Kd4 {[%clk 0:18:01]} 53. Be4 {[%clk 0:10:30]} Ne7 {[%clk 0:17:21]} 54. Bb1 {[%clk
0:10:13]} Kc3 {[%clk 0:15:52]} 55. Ke3 {[%clk 0:07:44]} Kb2 {[%clk 0:16:13]} 56.
Be4 {[%clk 0:07:09]} Kc1 {[%clk 0:16:13]} 57. Kd4 {[%clk 0:07:05]} b2 {[%clk
0:16:36]} 58. Kc5 {[%clk 0:05:24]} b1Q {[%clk 0:16:23]} 59. Bxb1 {[%clk 0:05:45]}
Kxb1 {[%clk 0:16:44]} 60. Kd6 {[%clk 0:05:41]} Nxf5+ {[%clk 0:16:43]} 61. Kd7
{[%clk 0:05:15]} Kc2 {[%clk 0:16:48]} 62. Ke8 {[%clk 0:05:28]} Nd4 {[%clk
0:09:32]} 63. Kf7 {[%clk 0:04:55]} f5 {[%clk 0:08:51]} 64. e7 {[%clk 0:03:22]}
Nb5 {[%clk 0:09:01]} *

[Event "Baku Chess Olympiad | Open"]
[Site "chess24.com"]
[Date "2016.09.08"]
[Round "6"]
[White "Hernandez, Roberto"]
[Black "Ble, Kouko Hubert"]
[Result "1-0"]
[Board "3"]
[WhiteID "16600010"]
[WhiteElo "1798"]
[WhiteCountry "PLW"]
[WhiteFideId "16600010"]
[WhiteEloChange "13"]
[BlackID "20800088"]
[BlackElo "1918"]
[BlackCountry "CIV"]
[BlackFideId "20800088"]
[BlackEloChange "-13"]

1. f4 {[%clk 1:30:56]} Nf6 {[%clk 1:28:18]} 2. Nf3 {[%clk 1:31:15]} c5 {[%clk
1:26:02]} 3. d4 {[%clk 1:29:50]} cxd4 {[%clk 1:24:46]} 4. Nxd4 {[%clk 1:29:00]}
g6 {[%clk 1:23:33]} 5. Nc3 {[%clk 1:28:38]} Bg7 {[%clk 1:22:51]} 6. e4 {[%clk
1:27:52]} d6 {[%clk 1:21:39]} 7. Bc4 {[%clk 1:21:28]} O-O {[%clk 1:21:31]} 8. Bb3
{[%clk 1:18:35]} Nc6 {[%clk 1:21:01]} 9. Nxc6 {[%clk 1:12:50]} bxc6 {[%clk
1:21:28]} 10. h3 {[%clk 1:13:02]} Qb6 {[%clk 1:16:34]} 11. Qf3 {[%clk 1:12:25]}
Be6 {[%clk 1:01:20]} 12. Be3 {[%clk 1:09:43]} Qa5 {[%clk 0:59:08]} 13. O-O {[%clk
1:06:47]} Nd7 {[%clk 0:49:17]} 14. f5 {[%clk 1:03:14]} Ne5 {[%clk 0:45:44]} 15.
Qf2 {[%clk 1:02:10]} Bc4 {[%clk 0:45:52]} 16. Rfd1 {[%clk 0:58:36]} Qc7 {[%clk
0:40:47]} 17. Bd4 {[%clk 0:56:38]} Ba6 {[%clk 0:39:16]} 18. fxg6 {[%clk 0:53:38]}
hxg6 {[%clk 0:39:04]} 19. Qg3 {[%clk 0:53:36]} e6 {[%clk 0:39:15]} 20. Rd2 {[%clk
0:51:07]} d5 {[%clk 0:37:30]} 21. Bc5 {[%clk 0:44:51]} Rfc8 {[%clk 0:35:52]} 22.
Rad1 {[%clk 0:43:53]} Nc4 {[%clk 0:30:44]} 23. Qxc7 {[%clk 0:43:16]} Rxc7 {[%clk
0:31:05]} 24. Bxc4 {[%clk 0:43:09]} Bxc3 {[%clk 0:30:02]} 25. Bxa6 {[%clk
0:42:57]} Bxb2 {[%clk 0:30:02]} 26. Bd6 {[%clk 0:42:57]} Rd7 {[%clk 0:25:45]} 27.
e5 {[%clk 0:43:02]} Bc3 {[%clk 0:24:45]} 28. Rd3 {[%clk 0:42:11]} Ba5 {[%clk
0:23:09]} 29. c4 {[%clk 0:42:11]} Rxd6 {[%clk 0:15:48]} 30. exd6 {[%clk 0:36:45]}
Bb6+ {[%clk 0:14:13]} 31. Kf1 {[%clk 0:36:21]} Rd8 {[%clk 0:14:35]} 32. Rc1
{[%clk 0:34:27]} Ba5 {[%clk 0:07:07]} 33. c5 {[%clk 0:34:15]} Rd7 {[%clk
0:03:54]} 34. Rb3 {[%clk 0:34:06]} d4 {[%clk 0:01:18]} 35. Bb7 {[%clk 0:34:01]}
f5 {[%clk 0:01:14]} 36. Bxc6 {[%clk 0:34:10]} Rd8 {[%clk 0:01:14]} 37. Rb7 {[%clk
0:33:37]} e5 {[%clk 0:01:28]} 38. Re7 {[%clk 0:33:35]} e4 {[%clk 0:01:47]} 39. d7
{[%clk 0:33:40]} d3 {[%clk 0:01:17]} 40. Bd5+ {[%clk 0:31:58]} Kh8 {[%clk
0:01:27]} 41. Re8+ {[%clk 1:02:16]} Kg7 {[%clk 0:31:10]} 42. Rxd8 {[%clk
1:02:35]} Bxd8 {[%clk 0:31:38]} 43. Ke1 {[%clk 1:01:50]} e3 {[%clk 0:28:40]} 44.
Kd1 {[%clk 0:57:47]} Ba5 {[%clk 0:26:14]} 45. Bf3 {[%clk 0:57:33]} Kf7 {[%clk
0:18:59]} 46. c6 {[%clk 0:57:41]} e2+ {[%clk 0:15:24]} 47. Bxe2 {[%clk 0:57:59]}
dxe2+ {[%clk 0:15:53]} 48. Kxe2 {[%clk 0:58:28]} Bc7 {[%clk 0:15:48]} 49. d8Q
{[%clk 0:58:39]} Bxd8 {[%clk 0:15:49]} 50. c7 {[%clk 0:59:07]} Bxc7 {[%clk
0:16:02]} 51. Rxc7+ {[%clk 0:59:35]} 1-0

[Event "Baku Chess Olympiad | Open"]
[Site "chess24.com"]
[Date "2016.09.08"]
[Round "6"]
[White "Kigigha, Bomo"]
[Black "Aderito, Pedro"]
[Result "0-1"]
[Board "1"]
[WhiteID "8500037"]
[WhiteElo "2340"]
[WhiteTitle "FM"]
[WhiteCountry "NGR"]
[WhiteFideId "8500037"]
[WhiteEloChange "-11"]
[BlackID "10100130"]
[BlackElo "2315"]
[BlackTitle "IM"]
[BlackCountry "ANG"]
[BlackFideId "10100130"]
[BlackEloChange "11"]

1. c4 {[%clk 1:30:58]} Nf6 {[%clk 1:30:37]} 2. g3 {[%clk 1:31:00]} a6 {[%clk
1:30:25]} 3. Bg2 {[%clk 1:31:19]} g6 {[%clk 1:29:58]} 4. Nf3 {[%clk 1:25:47]} Bg7
{[%clk 1:25:13]} 5. O-O {[%clk 1:26:00]} O-O {[%clk 1:25:33]} 6. d4 {[%clk
1:24:05]} d6 {[%clk 1:23:15]} 7. Nc3 {[%clk 1:23:17]} Nc6 {[%clk 1:21:48]} 8. d5
{[%clk 1:18:26]} Na5 {[%clk 1:21:22]} 9. Nd2 {[%clk 1:18:20]} c5 {[%clk 1:21:28]}
10. dxc6 {[%clk 1:18:35]} Nxc6 {[%clk 1:21:37]} 11. b3 {[%clk 1:18:24]} Qa5
{[%clk 1:21:39]} 12. Bb2 {[%clk 1:18:37]} Qh5 {[%clk 1:21:44]} 13. e3 {[%clk
1:05:39]} Bg4 {[%clk 1:19:16]} 14. f3 {[%clk 1:05:05]} Bh3 {[%clk 1:16:58]} 15.
Bxh3 {[%clk 1:00:30]} Qxh3 {[%clk 1:16:52]} 16. Qe2 {[%clk 0:55:35]} Nd7 {[%clk
1:07:16]} 17. Nde4 {[%clk 0:53:06]} Nde5 {[%clk 1:00:50]} 18. f4 {[%clk 0:40:23]}
Ng4 {[%clk 0:57:44]} 19. Nd5 {[%clk 0:40:27]} Bxb2 {[%clk 0:57:04]} 20. Qxb2
{[%clk 0:40:54]} f6 {[%clk 0:52:12]} 21. b4 {[%clk 0:37:36]} Rf7 {[%clk 0:47:57]}
22. b5 {[%clk 0:36:01]} Nd8 {[%clk 0:46:42]} 23. Qe2 {[%clk 0:26:04]} Kh8 {[%clk
0:41:46]} 24. a4 {[%clk 0:20:38]} Ne6 {[%clk 0:37:11]} 25. Qb2 {[%clk 0:11:07]}
Kg8 {[%clk 0:29:37]} 26. Qe2 {[%clk 0:11:11]} Kh8 {[%clk 0:28:52]} 27. Rfc1
{[%clk 0:10:47]} Ng7 {[%clk 0:28:14]} 28. Nd2 {[%clk 0:09:57]} e6 {[%clk
0:25:08]} 29. Nc3 {[%clk 0:07:33]} Nf5 {[%clk 0:24:42]} 30. Nf1 {[%clk 0:07:20]}
e5 {[%clk 0:23:58]} 31. Nd5 {[%clk 0:05:40]} Re8 {[%clk 0:23:29]} 32. Qg2 {[%clk
0:05:25]} Qxg2+ {[%clk 0:22:22]} 33. Kxg2 {[%clk 0:05:52]} exf4 {[%clk 0:21:27]}
34. exf4 {[%clk 0:06:19]} Nge3+ {[%clk 0:10:42]} 35. Nfxe3 {[%clk 0:06:44]} Nxe3+
{[%clk 0:10:58]} 36. Kf3 {[%clk 0:03:48]} Nxd5 {[%clk 0:07:37]} 37. cxd5 {[%clk
0:04:15]} axb5 {[%clk 0:07:00]} 38. axb5 {[%clk 0:04:42]} Rfe7 {[%clk 0:06:47]}
39. Ra3 {[%clk 0:04:32]} f5 {[%clk 0:03:59]} 40. b6 {[%clk 0:33:10]} Kg7 {[%clk
0:33:30]} 41. Ra7 {[%clk 0:25:00]} Kf6 {[%clk 0:33:11]} 42. Rc2 {[%clk 0:20:27]}
h6 {[%clk 0:32:55]} 43. h4 {[%clk 0:12:42]} g5 {[%clk 0:23:33]} 44. hxg5+ {[%clk
0:13:07]} hxg5 {[%clk 0:23:59]} 45. fxg5+ {[%clk 0:13:30]} Kxg5 {[%clk 0:24:08]}
46. Ra3 {[%clk 0:12:44]} Kf6 {[%clk 0:22:23]} 47. Rac3 {[%clk 0:10:25]} Re5
{[%clk 0:16:46]} 48. Rd3 {[%clk 0:10:13]} R5e7 {[%clk 0:13:49]} 49. Rb3 {[%clk
0:03:18]} Ra8 {[%clk 0:10:56]} 50. Rb5 {[%clk 0:01:00]} Ra3+ {[%clk 0:11:00]} 51.
Kf2 {[%clk 0:00:55]} Ree3 {[%clk 0:11:11]} 52. Rc7 {[%clk 0:00:56]} Rf3+ {[%clk
0:11:26]} 53. Ke2 {[%clk 0:01:21]} Rxg3 {[%clk 0:11:43]} 54. Rxb7 {[%clk
0:01:48]} Ra2+ {[%clk 0:09:59]} 55. Kf1 {[%clk 0:02:11]} Rh3 {[%clk 0:07:58]} 56.
Kg1 {[%clk 0:02:37]} f4 {[%clk 0:06:46]} 57. Ra7 {[%clk 0:01:02]} Rd2 {[%clk
0:06:31]} 58. Ra8 {[%clk 0:00:33]} f3 {[%clk 0:06:02]} 59. Rg8 {[%clk 0:00:38]}
f2+ {[%clk 0:05:35]} 60. Kg2 {[%clk 0:01:03]} Rh2+ {[%clk 0:05:34]} 61. Kg3
{[%clk 0:00:46]} f1N+ {[%clk 0:05:20]} 62. Kf3 {[%clk 0:00:48]} Rhf2+ {[%clk
0:04:58]} 63. Ke4 {[%clk 0:01:10]} Rde2+ {[%clk 0:04:31]} 64. Kd4 {[%clk
0:01:02]} Rf4+ {[%clk 0:01:48]} 65. Kd3 {[%clk 0:01:01]} Re3+ {[%clk 0:02:07]}
66. Kc2 {[%clk 0:01:18]} Rf2+ {[%clk 0:02:33]} 0-1